Southville International School and Colleges
Your cart is empty.
  • Cart
  • Lists
    Public lists Eva Luna New books Lux_list list_1
    Your lists Log in to create your own lists
  • Log in to your account
  • Your cookies
  • Search history
Southville International School and Colleges
  • Advanced search
  • Recent comments
  • Most popular
  • Libraries

Log in to your account

Log in with GOOGLE


If you do not have an external account, but do have a local account, you can still log in:

  1. Home
  2. MARC view: Stories of the courage to teach :
Normal view MARC view ISBD view

Stories of the courage to teach : (Record no. 284723)

[ view plain ]
MARC details
000 -LEADER
fixed length control field 01313cam a22003254a 4500
001 - CONTROL NUMBER
control field 12595549
003 - CONTROL NUMBER IDENTIFIER
control field PILC
005 - DATE AND TIME OF LATEST TRANSACTION
control field 20150905091701.0
008 - FIXED-LENGTH DATA ELEMENTS--GENERAL INFORMATION
fixed length control field 011121s2002 cau b 001 0 eng
010 ## - LIBRARY OF CONGRESS CONTROL NUMBER
LC control number 2001007502
020 ## - INTERNATIONAL STANDARD BOOK NUMBER
International Standard Book Number 0787956325 (alk. paper)
040 ## - CATALOGING SOURCE
Original cataloging agency DLC
Transcribing agency DLC
Modifying agency DLC
042 ## - AUTHENTICATION CODE
Authentication code pcc
050 00 - LIBRARY OF CONGRESS CALL NUMBER
Classification number LB 1775
Item number .St884 2002
082 00 - DEWEY DECIMAL CLASSIFICATION NUMBER
Classification number 371.1
245 00 - TITLE STATEMENT
Title Stories of the courage to teach :
Remainder of title honoring the teacher's heart /
Statement of responsibility, etc edited by Sam M. Intrator ; foreword by Parker J. Palmer.
250 ## - EDITION STATEMENT
Edition statement 1st edition.
260 ## - PUBLICATION, DISTRIBUTION, ETC. (IMPRINT)
Place of publication, distribution, etc San Francisco :
Name of publisher, distributor, etc Jossey-Bass,
Date of publication, distribution, etc 2002.
300 ## - PHYSICAL DESCRIPTION
Extent liv, 339 pages ;
Dimensions 24 cm.
500 ## - GENERAL NOTE
General note Includes bibliographical references and index.
650 #0 - SUBJECT ADDED ENTRY--TOPICAL TERM
Topical term or geographic name as entry element Teachers
Form subdivision Anecdotes.
650 #0 - SUBJECT ADDED ENTRY--TOPICAL TERM
Topical term or geographic name as entry element Teaching
Form subdivision Anecdotes.
700 1# - ADDED ENTRY--PERSONAL NAME
Personal name Intrator, Sam M.
856 42 - ELECTRONIC LOCATION AND ACCESS
Materials specified Contributor biographical information
Uniform Resource Identifier <a href="http://www.loc.gov/catdir/bios/wiley044/2001007502.html">http://www.loc.gov/catdir/bios/wiley044/2001007502.html</a>
856 42 - ELECTRONIC LOCATION AND ACCESS
Materials specified Publisher description
Uniform Resource Identifier <a href="http://www.loc.gov/catdir/description/wiley037/2001007502.html">http://www.loc.gov/catdir/description/wiley037/2001007502.html</a>
856 41 - ELECTRONIC LOCATION AND ACCESS
Materials specified Table of contents
Uniform Resource Identifier <a href="http://www.loc.gov/catdir/toc/wiley021/2001007502.html">http://www.loc.gov/catdir/toc/wiley021/2001007502.html</a>
906 ## - LOCAL DATA ELEMENT F, LDF (RLIN)
a 7
b cbc
c orignew
d 1
e ecip
f 20
g y-gencatlg
942 ## - ADDED ENTRY ELEMENTS (KOHA)
Source of classification or shelving scheme Library of Congress Classification
Koha item type Books
Call number prefix Foreign
Holdings
Withdrawn status Lost status Source of classification or shelving scheme Damaged status Home library Current library Shelving location Date acquired Source of acquisition Sub Shelving location Total Checkouts Full call number Barcode Date last seen Price effective from Koha item type
    Library of Congress Classification   College Library College Library General Circulation Section 06/04/2015 Library Fund     LB 1775 .St884 2002 C19563 05/15/2018 06/04/2015 Books

Stories of the courage to teach :

APA

Intrator S. M., . (2002). Stories of the courage to teach. San Francisco: Jossey-Bass.

Chicago

Intrator Sam M, . 2002. Stories of the courage to teach. San Francisco: Jossey-Bass.

Harvard

Intrator S. M., . (2002). Stories of the courage to teach. San Francisco: Jossey-Bass.

MLA

Intrator Sam M, . Stories of the courage to teach. San Francisco: Jossey-Bass. 2002.

  • Place hold
  • Print
  • Cite
  • Add to your cart (remove)
  • Save record
    BIBTEX Dublin Core MARCXML MARC (non-Unicode/MARC-8) MARC (Unicode/UTF-8) MARC (Unicode/UTF-8, Standard) MODS (XML) RIS
  • More searches
    Search for this title in:
    Other Libraries (WorldCat) Other Databases (Google Scholar) Online Stores (Bookfinder.com) Open Library (openlibrary.org)

Exporting to Dublin Core...

SOUTHVILLE LIBRARY

Southville International School and Colleges Library

1281 Tropical Ave. Cor. Luxembourg St., BF Homes International, Las Pinas City

Tel. No. 8256374 / 252358 Loc. 117/146

Powered by Koha